000
00289nam a22001217a 4500
008
181203b xxu||||| |||| 00| 0 eng d
041
_a
eng
080
_2
4th
_a
339.138
100
_a
60
101
_a
MAR
245
_a
Sports Marketing A Strategic Perspective
_c
Shank,M.D
942
_2
udc
_c
BK
999
_c
52738
_d
52738